Liput, joissa on eniten oranssia - Statistics

Yleistilastot
  • Tätä visaa on pelattu 2 531 kertaa
  • Keskiarvotulos 8 / 10
Vastaustilastot
Kuvavisa Hint Vastaus % Oikein
33,3% Intia
97%
33,3% Irlanti
97%
8,67% Kypros
96%
40,7% Bhutan
86%
11,4% Sri Lanka
80%
33,3% Norsunluurannikko
76%
33,3% Armenia
72%
38,5% Niger
62%
9,25% Sambia
50%
10,4% Marshallinsaaret
47%
Ehtoja vastaavia visoja ei löytynyt
Tulosjakauma
Jokaisen tuloksen saaneiden osuus
Persentiili vastausten määrän mukaan
Tuloshistoriasi
Et ole pelannut tätä visaa